<?xml version="1.0" encoding="UTF-8"?>
<record
    xmlns:xsi="http://www.w3.org/2001/XMLSchema-instance"
    xsi:schemaLocation="http://www.loc.gov/MARC21/slim http://www.loc.gov/standards/marcxml/schema/MARC21slim.xsd"
    xmlns="http://www.loc.gov/MARC21/slim">

  <leader>01294nam a22002537i 4500</leader>
  <datafield tag="999" ind1=" " ind2=" ">
    <subfield code="c">23392</subfield>
    <subfield code="d">23392</subfield>
  </datafield>
  <controlfield tag="003">AR-CdUCM</controlfield>
  <controlfield tag="008">250904b20242024 pe||||| |||| 00| 0 spa d</controlfield>
  <datafield tag="040" ind1=" " ind2=" ">
    <subfield code="a">MUNICIPALIDAD PROVINCIAL DEL CUSCO</subfield>
    <subfield code="c">BIBLIOTECA MUNICIPAL DEL CUSCO</subfield>
  </datafield>
  <datafield tag="082" ind1=" " ind2=" ">
    <subfield code="a">985.613 / Q75</subfield>
    <subfield code="b">Q75</subfield>
  </datafield>
  <datafield tag="110" ind1=" " ind2=" ">
    <subfield code="a">Municipalidad provincial de Quispicanchi </subfield>
    <subfield code="9">51495</subfield>
  </datafield>
  <datafield tag="245" ind1=" " ind2=" ">
    <subfield code="a">Introducci&#xF3;n a la historia de la provincia de Quispicanchi - Historia y tradici&#xF3;n :</subfield>
    <subfield code="b">Colecci&#xF3;n Bicentenario de la Provincia de Quispicanchi /</subfield>
  </datafield>
  <datafield tag="300" ind1=" " ind2=" ">
    <subfield code="a">163 p&#xE1;ginas. :</subfield>
    <subfield code="b">Ilustraciones</subfield>
    <subfield code="c">21x15 cm.</subfield>
  </datafield>
  <datafield tag="500" ind1=" " ind2=" ">
    <subfield code="z">P&#xE1;ginas: 150-160</subfield>
  </datafield>
  <datafield tag="505" ind1=" " ind2=" ">
    <subfield code="a">Primeros habit6antes de Quispicanchi -- La presencia de Wari -- Las etnias de Quispicanchi -- Presencia inka -- Los curatos y sus y sus iglesias -- Haciendas y obrajes -- Los Tupac Amaru en Quispicanchi -- Creacion de la provincia de Quispicanchi -- Las cooperativas                                                                                                                                      </subfield>
  </datafield>
  <datafield tag="650" ind1=" " ind2=" ">
    <subfield code="a">Primeros habitantes de Calca</subfield>
    <subfield code="9">51496</subfield>
  </datafield>
  <datafield tag="650" ind1=" " ind2=" ">
    <subfield code="a">Presencia inka</subfield>
    <subfield code="9">51497</subfield>
  </datafield>
  <datafield tag="650" ind1=" " ind2=" ">
    <subfield code="a">Iglesias</subfield>
    <subfield code="9">3380</subfield>
  </datafield>
  <datafield tag="650" ind1=" " ind2=" ">
    <subfield code="a">Curatos</subfield>
    <subfield code="9">24995</subfield>
  </datafield>
  <datafield tag="650" ind1=" " ind2=" ">
    <subfield code="a">Luchas campesinas</subfield>
    <subfield code="9">51498</subfield>
  </datafield>
  <datafield tag="650" ind1=" " ind2=" ">
    <subfield code="a">Cambios sociales</subfield>
    <subfield code="9">4340</subfield>
  </datafield>
  <datafield tag="942" ind1=" " ind2=" ">
    <subfield code="2">ddc</subfield>
    <subfield code="c">LIBROS</subfield>
  </datafield>
  <datafield tag="945" ind1=" " ind2=" ">
    <subfield code="a">pbjr</subfield>
    <subfield code="d">4-09-2025</subfield>
  </datafield>
  <datafield tag="952" ind1=" " ind2=" ">
    <subfield code="0">0</subfield>
    <subfield code="2">ddc</subfield>
    <subfield code="4">0</subfield>
    <subfield code="7">0</subfield>
    <subfield code="a">SH</subfield>
    <subfield code="b">SH</subfield>
    <subfield code="c">CART</subfield>
    <subfield code="d">2025-09-04</subfield>
    <subfield code="e">Dep&#xF3;sito legal</subfield>
    <subfield code="g">20.00</subfield>
    <subfield code="o">985.613 / Q75 </subfield>
    <subfield code="p">SH0000017004</subfield>
    <subfield code="r">2025-09-04</subfield>
    <subfield code="y">LIBROS</subfield>
  </datafield>
</record>
